10 najludniejszych miast Ameryki Północnej - Statystyki

Ogólne statystyki
  • Ten quiz został rozwiązany 275 razy
  • Średni wynik to 7 z 10
Statystyki odpowiedzi
Populacja Miasto % Poprawnych
22.400.000 Nowy Jork
100%
17,800,000 Los Angeles
91%
22,800,000 Meksyk
79%
9 750 000 Chicago
76%
8.550.000 Waszyngton
71%
7 850 000 San Francisco
56%
7.350.000 Toronto
54%
7 650 000 Boston
46%
7,100,000 Dallas
44%
7.350.000 Filadelfia
38%
Nie znaleziono quizów pasujących do podanych kryteriów
Rozkład punktacji
Procent ludzi z każdym wynikiem
Percentyl według liczby udzielonych odpowiedzi
Twoja historia wyników
Nie rozwiązałeś tego quizu